000 00599nam a22001817a 4500
999 _c525792
_d525792
003 NUST
020 _qPB/K
038 _aFaiza
082 _a891.4911
_bRAN
100 _aRanjha, Hafiz Barkhurdar
_916734
245 _aJang Nama Imam Hussain /
_cHafiz Barkhurdar Ranjha
260 _aLahore :
_bPakistan Punjabi adabi Board,
_c1979.
300 _a216 p. ;
880 _6100-01\r
_aحافظ برخورداررانجھا
880 _6245-02\r
_aجنگ نامہ امام حُسین /
880 _6260-03\r
_aلاہور :
_bپاکستان پنجابی ادبی بورڈ,
_c۱۹۷۹.
942 _2ddc
_cBK